00461 2200181 4500001002100000035002000021245007400041100001500115250001400130260002800144300002900172020001800201084001400219082000800233650001200241990001300253990001300266INLIS000000000009091 a0010-0123000632 aTuanku Imam BonjolbUlama pemberani yang melawan penjajahcA. Saibani aA. Saibani aCetakan I bBee Media Pustakac2022 aviii, 64 halamanc21 cm. a9786236358955 a920 SAI t a920 aSejarah a022.2059 a022.2060